<?xml version="1.0" encoding="UTF-8"?>
<record
    xmlns:xsi="http://www.w3.org/2001/XMLSchema-instance"
    xsi:schemaLocation="http://www.loc.gov/MARC21/slim http://www.loc.gov/standards/marcxml/schema/MARC21slim.xsd"
    xmlns="http://www.loc.gov/MARC21/slim">

  <leader>01302nam a2200277 i 4500</leader>
  <controlfield tag="001">bg</controlfield>
  <datafield tag="100" ind1="1" ind2=" ">
    <subfield code="a">SALWI&#x143;SKI, J&#xF3;zef</subfield>
  </datafield>
  <datafield tag="245" ind1="1" ind2="0">
    <subfield code="a">Zagadnienia apriorycznej oceny zdolno&#x15B;ci do utrzymania [stanu] dzia&#x142;ania &#x142;o&#x17C;ysk &#x15B;lizgowych o tarciu p&#x142;ynnym /</subfield>
    <subfield code="c">J&#xF3;zef Salwi&#x144;ski.</subfield>
  </datafield>
  <datafield tag="246" ind1="1" ind2="1">
    <subfield code="a">Problems of apriori estimation of ability to maintain operational state of fluid friction slide bearings</subfield>
  </datafield>
  <datafield tag="260" ind1=" " ind2=" ">
    <subfield code="a">Krak&#xF3;w :</subfield>
    <subfield code="b">Wydawnictwa AGH,</subfield>
    <subfield code="c">1998.</subfield>
  </datafield>
  <datafield tag="300" ind1=" " ind2=" ">
    <subfield code="a">129, [1] s. :</subfield>
    <subfield code="b">rys., wykr. ;</subfield>
    <subfield code="c">24 cm.</subfield>
  </datafield>
  <datafield tag="490" ind1="1" ind2=" ">
    <subfield code="a">Rozprawy, Monografie / [Akademia G&#xF3;rniczo-Hutnicza im. S. Staszica] =</subfield>
    <subfield code="a">Dissertations, Monographies,</subfield>
    <subfield code="x">0867-6631 ;</subfield>
    <subfield code="v">68</subfield>
  </datafield>
  <datafield tag="500" ind1=" " ind2=" ">
    <subfield code="a">Tyt. r&#xF3;wnol. : Problems of apriori estimation of ability to maintain operational state of fluid friction slide bearings. - Streszcz. ang.</subfield>
  </datafield>
  <datafield tag="504" ind1=" " ind2=" ">
    <subfield code="a">Bibliogr. s. 123-[130].</subfield>
  </datafield>
  <datafield tag="650" ind1=" " ind2="9">
    <subfield code="a">&#x141;o&#x17C;yska &#x15B;lizgowe</subfield>
    <subfield code="x">badanie</subfield>
  </datafield>
  <datafield tag="650" ind1=" " ind2="9">
    <subfield code="a">Niezawodno&#x15B;&#x107; urz&#x105;dze&#x144;</subfield>
    <subfield code="x">badanie</subfield>
  </datafield>
  <datafield tag="650" ind1=" " ind2="9">
    <subfield code="a">Rachunek prawdopodobie&#x144;stwa</subfield>
    <subfield code="x">stosowanie</subfield>
  </datafield>
  <datafield tag="650" ind1=" " ind2="9">
    <subfield code="a">Symulacja</subfield>
    <subfield code="x">stosowanie</subfield>
    <subfield code="x">technika</subfield>
  </datafield>
  <datafield tag="650" ind1=" " ind2="9">
    <subfield code="a">Trybologia</subfield>
    <subfield code="x">zagadnienia</subfield>
  </datafield>
  <datafield tag="830" ind1=" " ind2="0">
    <subfield code="a">Rozprawy, Monografie ([Akademia G&#xF3;rniczo-Hutnicza im. S. Staszica]) ;</subfield>
    <subfield code="v">68</subfield>
  </datafield>
  <datafield tag="040" ind1=" " ind2=" ">
    <subfield code="c">BPK</subfield>
  </datafield>
  <datafield tag="041" ind1="0" ind2=" ">
    <subfield code="a">pl</subfield>
    <subfield code="b">en</subfield>
  </datafield>
  <datafield tag="080" ind1=" " ind2=" ">
    <subfield code="a">621.822-192:519.876.5+519.2</subfield>
  </datafield>
  <datafield tag="942" ind1=" " ind2=" ">
    <subfield code="c">KS</subfield>
  </datafield>
  <controlfield tag="008">      s        pl     f     |000 0 pol  </controlfield>
  <datafield tag="999" ind1=" " ind2=" ">
    <subfield code="c">38339</subfield>
    <subfield code="d">38339</subfield>
  </datafield>
  <datafield tag="856" ind1=" " ind2=" ">
    <subfield code="u">http://koha.tu.koszalin.pl/cgi-bin/koha/opac-detail.pl?biblionumber=38339</subfield>
    <subfield code="y">Katalog online BPK</subfield>
  </datafield>
  <datafield tag="952" ind1=" " ind2=" ">
    <subfield code="0">0</subfield>
    <subfield code="1">0</subfield>
    <subfield code="4">0</subfield>
    <subfield code="7">0</subfield>
    <subfield code="a">BPK</subfield>
    <subfield code="b">BPK</subfield>
    <subfield code="c">w</subfield>
    <subfield code="o">55827</subfield>
    <subfield code="p">01511963</subfield>
    <subfield code="y">KS</subfield>
  </datafield>
</record>
